Les homonymes dans la langue française - lettre E - Statistiques

Statistiques générales
  • Ce quiz a été pris 217 fois
  • Le résultat moyen est 20 sur 25
Statistiques - réponses
Mot Indice Homonyme % Correct
ère on le respire air
97%
eau élevé haut
96%
en pige an
95%
encre de marine ancre
95%
ère surface aire
94%
entre repaire d'animal antre
93%
elle attribut d'oiseau aile
90%
égaux alter ego
90%
étant point d'eau étang
90%
excellant très bien excellent
90%
être arbre hêtre
88%
évidant très clair évident
87%
empli châine hi fi ampli
86%
eau dans au
84%
excédant en trop excédent
81%
eau tibia os
81%
étain blême éteint
79%
épar dispersé épars
76%
expédiant moyen expédient
76%
ère misérable hère
68%
élan appelant hélant
66%
éthique maigre étique
59%
élan animal éland
36%
eau épice au pluriel aulx
32%
écho participation écot
28%
Aucun quiz correspondant
Distribution des résultats
% des personnes avec chaque résultat
Percentile par nombre de réponses
Votre historique - résultats
Vous n’avez pas pris ce quiz